000 00328nam a2200121Ia 4500
008 220217s9999||||xx |||||||||||||| ||und||
082 _a001 ROB
100 _aRobinson
_94474
245 0 _aGems of world scientists
260 _aI st rank publications
_bBangalore
_c2006
300 _b950
650 _aEXAM BOOKS/GRE/CAT/GATE
999 _c174468
_d174468